01479cam a22003977a 4500003000500000005001700005008004100022010000900063011000900072035000900081040000900090090001000099100003500109245005500144260004000199300002000239502008100259590003700340590004100377590004100418590004100459590004100500590004100541590004200582650004000624650004000664650006400704650002600768710004800794901000700842942001000849949004100859949003900900999001500939952012700954CHAP20220329133120.0971013s1990 r 00010 d a2325 a3297 a2497 cCHAP aTesis00aPalmeros Torres, Isaac.985003 0aPROTOP (Programas de cómputo para topografías) aChapingo, Méx. :bEl Autor,c1990 a145 h.b: ilus. aTesis (Ing. Agr. Esp. en Irrigación) -- UACH. Departamento de Irrigación aALEPHb10c20130110lUCH01h1212 aBATCH-UPDb10c20130109lUCH01h2348 aBATCH-UPDb10c20130110lUCH01h1207 aBATCH-UPDb10c20130409lUCH01h1919 aBATCH-UPDb10c20130410lUCH01h0748 aBATCH-UPDb10c20130914lUCH01h1721 aCONVERSIONb10c20130109lUCH01h130314aLenguajes de programación.96598914aLevantamiento topográfico.96642614aProcesamiento automático de datos en topografía.99181514aTopografía.91139070 aUACH. Departamento de Irrigación.9115874 aBK cTESIS bBCcTESd-15263eTS1h23246i2497si bIcTESBDd-7119eTS1h474i2497si c2325d2325 00102local4051708TESISaBCbBCcPA_TESISd2019-12-31fTESISl0oTesisp-15263r2019-12-31 00:00:00w2019-12-31yTESIS